<?xml version="1.0" encoding="UTF-8"?>
<record
    xmlns:xsi="http://www.w3.org/2001/XMLSchema-instance"
    xsi:schemaLocation="http://www.loc.gov/MARC21/slim http://www.loc.gov/standards/marcxml/schema/MARC21slim.xsd"
    xmlns="http://www.loc.gov/MARC21/slim">

  <leader>01379nam a2200169 a 4500</leader>
  <datafield tag="020" ind1=" " ind2=" ">
    <subfield code="a">1560510188 (set)</subfield>
  </datafield>
  <datafield tag="082" ind1="0" ind2="0">
    <subfield code="a">625.734</subfield>
    <subfield code="b">TAS</subfield>
    <subfield code="c">L-26 P-6</subfield>
  </datafield>
  <datafield tag="245" ind1="0" ind2="0">
    <subfield code="a">Highway drainage guidelines /</subfield>
    <subfield code="c">[prepared by Task Force on Hydrology and Hydraulics, AASHTO Highway Subcommittee on Design]</subfield>
  </datafield>
  <datafield tag="260" ind1=" " ind2=" ">
    <subfield code="a">Washington, D.C. :</subfield>
    <subfield code="b">American Association of State Highway and Transportation Officials,</subfield>
    <subfield code="c">1992.</subfield>
  </datafield>
  <datafield tag="300" ind1=" " ind2=" ">
    <subfield code="a">11 v. in 1  :</subfield>
    <subfield code="b">ill. ;</subfield>
    <subfield code="c">28 cm.</subfield>
  </datafield>
  <datafield tag="505" ind1="0" ind2=" ">
    <subfield code="a">v. 1. Guidelines for hydraulic considerations in highway planning and location -- v. 2. Guidelines for hydrology -- v. 3. Guidelines for erosion and sediment control in highway construction -- v. 4. Guidelines for hydraulic design of culverts -- v. 5. Guidelines for the legal aspects of highway drainage -- v. 6. Guidelines for hydraulic analysis and design of open channels -- v. 7. Guidelines for hydraulic analysis for the location and design of bridges -- v. 8. Guidelines for hydraulic aspects in restoration and upgrading of highways -- v. 9. Guidelines for storm drain systems -- v. 10. Guidelines for evaluating effects on surface water environments -- [11] Glossary of highway-related drainage terms.</subfield>
  </datafield>
  <datafield tag="526" ind1=" " ind2=" ">
    <subfield code="a">0</subfield>
    <subfield code="b">0</subfield>
    <subfield code="c">0</subfield>
    <subfield code="d">625_734000000000000_TAS</subfield>
  </datafield>
  <datafield tag="650" ind1=" " ind2="0">
    <subfield code="a">MCE</subfield>
    <subfield code="9">379</subfield>
  </datafield>
  <datafield tag="650" ind1=" " ind2="0">
    <subfield code="a">Road drainage.</subfield>
    <subfield code="9">20171</subfield>
  </datafield>
  <datafield tag="710" ind1="2" ind2=" ">
    <subfield code="a">American Association of State Highway and Transportation Officials.</subfield>
    <subfield code="9">19553</subfield>
  </datafield>
  <datafield tag="942" ind1=" " ind2=" ">
    <subfield code="2">ddc</subfield>
    <subfield code="c">BK</subfield>
  </datafield>
  <datafield tag="999" ind1=" " ind2=" ">
    <subfield code="c">547488</subfield>
    <subfield code="d">547488</subfield>
  </datafield>
  <datafield tag="952" ind1=" " ind2=" ">
    <subfield code="0">0</subfield>
    <subfield code="1">0</subfield>
    <subfield code="2">ddc</subfield>
    <subfield code="4">0</subfield>
    <subfield code="7">0</subfield>
    <subfield code="a">MCE</subfield>
    <subfield code="b">MCE</subfield>
    <subfield code="d">2014-07-18</subfield>
    <subfield code="l">0</subfield>
    <subfield code="o">625.734 TAS</subfield>
    <subfield code="p">MCE-5261</subfield>
    <subfield code="r">2014-07-18</subfield>
    <subfield code="w">2014-07-18</subfield>
    <subfield code="y">BK</subfield>
  </datafield>
</record>
